Wounds of war / (Record no. 29445)
[ view plain ]
| 000 -LEADER | |
|---|---|
| fixed length control field | 02260cam a2200433 a 4500 |
| 001 - CONTROL NUMBER | |
| control field | 13993627 |
| 003 - CONTROL NUMBER IDENTIFIER | |
| control field | EG-ScBUE |
| 005 - DATE AND TIME OF LATEST TRANSACTION | |
| control field | 20210920154021.0 |
| 008 - FIXED-LENGTH DATA ELEMENTS--GENERAL INFORMATION | |
| fixed length control field | 050607s2004 maua f b 100 0 eng d |
| 020 ## - INTERNATIONAL STANDARD BOOK NUMBER | |
| International Standard Book Number | 0674018087 (pbk.) |
| 020 ## - INTERNATIONAL STANDARD BOOK NUMBER | |
| International Standard Book Number | 9780674018082 |
| 035 ## - SYSTEM CONTROL NUMBER | |
| System control number | (OCoLC)ocm60350670 |
| 040 ## - CATALOGING SOURCE | |
| Original cataloging agency | GGN |
| Language of cataloging | eng |
| Description conventions | rda |
| Transcribing agency | GGN |
| Modifying agency | DLC |
| -- | EG-ScBUE |
| 082 04 - DEWEY DECIMAL CLASSIFICATION NUMBER | |
| Classification number | 303.66 |
| Item number | LAM |
| Edition number | 22 |
| 100 1# - MAIN ENTRY--PERSONAL NAME | |
| Personal name | Lamb, Julie M., |
| Relator term | author. |
| 245 10 - TITLE STATEMENT | |
| Title | Wounds of war / |
| Statement of responsibility, etc | Julie M. Lamb, Marcy Levy and Michael R. Reich. |
| 250 ## - EDITION STATEMENT | |
| Edition statement | Second edition. |
| 264 #1 - PUBLICATION, DISTRIBUTION, ETC. (IMPRINT) | |
| Place of publication, distribution, etc | Cambridge: |
| Name of publisher, distributor, etc | Harvard Center for Population and Development Studies, |
| Date of publication, distribution, etc | 2004. |
| 300 ## - PHYSICAL DESCRIPTION | |
| Extent | 61 pages : |
| Other physical details | illustrations ; |
| Dimensions | 28 cm |
| 336 ## - CONTENT TYPE | |
| Source | rdacontent |
| Content type term | text |
| Content type code | txt |
| 337 ## - MEDIA TYPE | |
| Source | rdamedia |
| Media type term | unmediated |
| Media type code | n |
| 338 ## - CARRIER TYPE | |
| Source | rdacarrier |
| Carrier type term | volume |
| Carrier type code | nc |
| 500 ## - GENERAL NOTE | |
| General note | "Produced for the International Conference on Women Defending Peace, 22 November through 24 November 2004, Geneva, Switzerland." |
| 504 ## - BIBLIOGRAPHY, ETC. NOTE | |
| Bibliography, etc | Includes bibliographical references. |
| 505 0# - FORMATTED CONTENTS NOTE | |
| Formatted contents note | Impacts of war. Economies of war -- Small arms and light weapons -- Landmines -- Environment -- Human trafficking -- Women in armed movements -- Child soldiers -- Violence against women and girls -- Missing persons -- Displaced populations -- Peacekeeping -- Recent wars and armed conflicts. Cambodia -- Colombia -- Democratic Republic of Congo -- Iraq -- Mozambique -- Occupied Palestinian Territories and Israel -- Russian Federation / Chechnya -- Sierra Leone -- South Eastern Europe -- Sudan -- Timeline of women and peace. |
| 650 #7 - SUBJECT ADDED ENTRY--TOPICAL TERM | |
| Topical term or geographic name as entry element | War |
| General subdivision | Moral and ethical aspects. |
| Form subdivision | Congresses. |
| Source of heading or term | BUEsh |
| 650 #7 - SUBJECT ADDED ENTRY--TOPICAL TERM | |
| Topical term or geographic name as entry element | Children and war. |
| Form subdivision | Congresses. |
| Source of heading or term | BUEsh |
| 650 #7 - SUBJECT ADDED ENTRY--TOPICAL TERM | |
| Topical term or geographic name as entry element | Women and war. |
| Form subdivision | Congresses. |
| Source of heading or term | BUEsh |
| 650 #7 - SUBJECT ADDED ENTRY--TOPICAL TERM | |
| Topical term or geographic name as entry element | War victims. |
| Form subdivision | Congresses. |
| Source of heading or term | BUEsh |
| 653 #7 - INDEX TERM--UNCONTROLLED | |
| Uncontrolled term | BUEsh |
| Resource For college | Generalities |
| Arrived date list | September2021 |
| 655 #7 - INDEX TERM--GENRE/FORM | |
| Form subdivision | Reading book |
| 9 (RLIN) | 34232 |
| 700 1# - ADDED ENTRY--PERSONAL NAME | |
| Personal name | Levy, Marcy |
| Fuller form of name | (Marcy Rena) |
| Relator term | author. |
| 700 1# - ADDED ENTRY--PERSONAL NAME | |
| Personal name | Reich, Michael, |
| Dates associated with a name | 1950- |
| Relator term | author. |
| 9 (RLIN) | 36697 |
| 711 2# - ADDED ENTRY--MEETING NAME | |
| Meeting name or jurisdiction name as entry element | International Conference on Women Defending Peace |
| Date of meeting | (2004 : |
| Location of meeting | Geneva, Switzerland) |
| 906 ## - LOCAL DATA ELEMENT F, LDF (RLIN) | |
| a | 7 |
| b | cbc |
| c | copycat |
| d | 2 |
| e | ncip |
| f | 20 |
| g | y-gencatlg |
| 942 ## - ADDED ENTRY ELEMENTS (KOHA) | |
| Source of classification or shelving scheme | Dewey Decimal Classification |
| Koha item type | Book - Borrowing |
| Withdrawn status | Lost status | Source of classification or shelving scheme | Damaged status | Not for loan | Collection code | Home library | Current library | Shelving location | Date acquired | Source of acquisition | Total Checkouts | Full call number | Barcode | Date last seen | Price effective from | Koha item type |
|---|---|---|---|---|---|---|---|---|---|---|---|---|---|---|---|---|
| Dewey Decimal Classification | Donation-Gift | Central Library | Central Library | First floor | 20/09/2021 | Donation | 303.66 LAM | 000046431 | 15/07/2025 | 20/09/2021 | Book - Borrowing |